| 000 | 01305nam a22002297a 4500 | ||
|---|---|---|---|
| 005 | 20250502150921.0 | ||
| 010 | _aB-764269-4304 25BAHN25 | ||
| 020 |
_c635.00 _a9788179309179 |
||
| 035 | _aB-764269-4304 | ||
| 037 | _bस्पेक्ट्रम बुक्स प्रा. लि. | ||
| 082 | _a954 | ||
| 100 |
_aअहीर, राजीव _981003 |
||
| 245 |
_aआधुनिक भारत का इतिहास/ _cराजीव अहीर |
||
| 246 | _b | ||
| 250 | _a26 वां संस्क. | ||
| 260 |
_aनई दिल्ली _bस्पेक्ट्रम बुक्स _c2024 |
||
| 270 |
_aए-1,291, प्रथम तल, जनक पुरी _bनई दिल्ली _e110058 _k25507922 _l91 1125611640 |
||
| 300 |
_axxxix,1048पृ. _c18 सेमी (अजिल्द ) |
||
| 650 |
_x _z _981004 |
||
| 942 |
_2ddc _cHN _mअहीर _e26 _h954 |
||
| 999 |
_c209876 _d209876 |
||